Music Quiz

Random Music or Artist Quiz

Song Covers Chain Quiz Stats

 Plays Quiz Updated Aug 12, 2017

Score 0/21 Timer 06:00
0 Plays Today
Artist Song % Correct
Britney SpearsI Love Rock 'n Roll
70.4%
Tommy James & The ShondellsI Think We're Alone Now
42.6%
Bobby BrownMy Prerogative
32.8%
Elvis PresleyCan't Help Falling in Love
26.7%
Atomic KittenThe Tide is High
20%
Frank SinatraMy Way
18.9%
Joan Jett & The BlackheartsCrimson and Clover
18.3%
BanglesEternal Flame
18.2%
The Isley BrothersTwist and Shout
17.6%
Aretha FranklinBridge Over Troubled Water
16.6%
Simon & GarfunkelHazy Shade of Winter
15.7%
Artist Song % Correct
The BeatlesEleanor Rigby
11%
TiffanyI Saw Her (Him) Standing There
10.6%
The BeatlesWe Can Work It Out
5.4%
Stevie WonderBlowin' in the Wind
5.2%
Rod StewartThis Old Heart of Mine (Is Weak for You)
4.8%
UB40The Way You Do the Things You Do
3.5%
BlondieDenis(e)
3.4%
Peter, Paul & MaryDon't Think Twice(, It's All Right)
1.7%
Temptations(I Know) I'm Losing You
1.6%
The 4 SeasonsI've Got You Under my Skin
1.4%

You're not logged in!

Compare scores with friends on all Sporcle quizzes.
OR
Log In

You Might Also Like...

Show Comments

Extras

Top Quizzes Today


Score Distribution

Your Account Isn't Verified!

In order to create a playlist on Sporcle, you need to verify the email address you used during registration. Go to your Sporcle Settings to finish the process.

Report this User

Report this user for behavior that violates our Community Guidelines.

Details: